| 000 | 00814nam a2200253 a 4500 | ||
|---|---|---|---|
| 001 | 45358 | ||
| 003 | BD-RjUL | ||
| 005 | 20211209054012.0 | ||
| 008 | 160725s19641959nyua b 000 0 eng | ||
| 035 |
_a58-14221 _a(BD-RjUL)45476 |
||
| 040 |
_aDLC _cCSU _dSER _dm.c _dSER _dBD-RjUL _beng |
||
| 041 | _aeng | ||
| 082 |
_223 _a338.8 _bSHS 1964 |
||
| 100 | 1 |
_aShubik, Martin. _9131676 |
|
| 245 | 1 | 0 |
_aStrategy and market structure : _bcompetition, oligopoly, and the theory of games / _cMartin Shubik. |
| 260 |
_aNew York : _bWiley ; _aLondon : _bChapman and Hall, _c1959 _c[printing1964] |
||
| 300 |
_a387 p. : _billus ; _c24 cm. |
||
| 504 | _aIncludes bibliography | ||
| 650 | 0 |
_aCompetition _9138886 |
|
| 650 | 0 |
_aOligopolies _9136460 |
|
| 650 | 0 |
_aMarketing _9138887 |
|
| 650 | 0 |
_aGame theory _9138888 |
|
| 942 |
_2ddc _cBK |
||
| 999 |
_c45358 _d45358 |
||